00477nam a2200169Ia 4500003000400000005001700004008004100021020003000062040001700092082002300109100002500132245006100157250001400218260003000232300001600262650002900278IIN20240124131245.0231217s9999 xx 000 0 und d cRs.1695.00a9780323757331 aIINbEnglish a615.1 bSKI1 aSkidmore-Roth,Linda  aMosby's 2021 Nursing Drug ReferencecLinda Skidmore-Roth a.-34th ed bElsevieraNew Delhic2021 aix, 1446 p.1 aDrug vNursing Reference